La Ilíada /
Guardado en:
| Autor Principal: | |
|---|---|
| Otros Autores: | , , |
| Formato: | Libro |
| Idioma: | Undetermined |
| Publicado: |
México :
Larousse,
2006.
|
| Edición: | 1a ed. 2a reimp. |
| Series: | Encuentro con la lectura.
|
| Materias: | |
| Etiquetas: |
Agregar Etiqueta
Sin Etiquetas, Sea el primero en etiquetar este registro!
|
| LEADER | 00878nam a22002535a 4500 | ||
|---|---|---|---|
| 001 | CEM.cems020341 | ||
| 008 | 230814s2006####mx############000#0#und#d | ||
| 005 | 20230814181630.0 | ||
| 245 | 1 | 0 | |a La Ilíada / |c Adaptada por Leonardo Chianca ; ilustrado por Cecilia Iwashita ; traducido por Beatriz Mira Andreu y Mariano Sánchez-Ventura. |
| 250 | |a 1a ed. 2a reimp. | ||
| 260 | |a México : |b Larousse, |c 2006. | ||
| 300 | |a 16 p. | ||
| 490 | 1 | |a Encuentro con la lectura. | |
| 500 | |a A partir de 9 años. Incluye actividades. | ||
| 020 | |a 9702207290 | ||
| 100 | 1 | |a Chianca, Leonardo. | |
| 700 | 1 | |a Iwashita, Cecilia; il. | |
| 700 | 1 | |a Mira Andreu, Beatriz; trad. | |
| 700 | 1 | |a Sánchez-Ventura, Mariano; trad. | |
| 653 | |a Mitos | ||
| 653 | |a Mitos griegos | ||
| 653 | |a Mitología | ||
| 653 | |a Mitología griega | ||
| 859 | |a CEMS |b BIB. CEMS - Inicial y Primaria |h 883 |i C430 |k IP |p 2198 |t Ej.1 | ||
